2006 FIFA World Cup Host Cities and Stadiums - Statistics

General Stats
  • This quiz has been taken 89 times
  • The average score is 18 of 24
Answer Stats
Picture Hint Answer % Correct
Germany Berlin
100%
Germany München
100%
Germany Hamburg
96%
Germany Köln
96%
Germany Dortmund
92%
Germany Frankfurt
90%
Germany Leipzig
88%
Germany Stuttgart
88%
Germany Hannover
84%
Germany Gelsenkirchen
82%
6 games | Capacity: 72.000 Olympiastadion
80%
6 games | Capacity: 66.000 FIFA WM-Stadion München
78%
6 games | Capacity: 65.000 FIFA WM-Stadion Dortmund
73%
Germany Nürnberg
73%
Germany Kaiserslautern
71%
5 games | Capacity: 52.000 FIFA WM-Stadion Gelsenkirchen
63%
6 games | Capacity: 52.000 Gottlieb-Daimler-Stadion
57%
5 games | Capacity: 48.000 FIFA WM-Stadion Frankfurt
51%
5 games | Capacity: 50.000 FIFA WM-Stadion Hamburg
51%
5 games | Capacity: 43.000 Zentralstadion
51%
5 games | Capacity: 41.000 Frankenstadion
49%
5 games | Capacity: 43.000 FIFA WM-Stadion Hannover
47%
5 games | Capacity: 45.000 FIFA WM-Stadion Köln
47%
5 games | Capacity: 46.000 Fritz-Walter-Stadion
47%
No matching quizzes found
Score Distribution
Percent of People with Each Score
Percentile by Number Answered
Your Score History
You have not taken this quiz